UM Logo

Exposure to Online Reading Materials and Grammatical Competence of Grade 11 Students of UM Digos/ (Record no. 15267)

MARC details
000 -LEADER
fixed length control field 00691nam a22001697a 4500
008 - FIXED-LENGTH DATA ELEMENTS--GENERAL INFORMATION
fixed length control field 200312b ||||| |||| 00| 0 eng d
082 ## - DEWEY DECIMAL CLASSIFICATION NUMBER
Edition number 2020
Classification number UT 1464
Item number F66
100 ## - MAIN ENTRY--PERSONAL NAME
Personal name Florida, Sarah May E.
9 (RLIN) 42098
245 ## - TITLE STATEMENT
Title Exposure to Online Reading Materials and Grammatical Competence of Grade 11 Students of UM Digos/
Statement of responsibility, etc. Sarah May E. Florida, Marry Grace A. MascariƱas & Anna Liza G. Poresores
260 ## - PUBLICATION, DISTRIBUTION, ETC. (IMPRINT)
Place of publication, distribution, etc. Digos City
Name of publisher, distributor, etc. UMDC
Date of publication, distribution, etc. January 2020
300 ## - PHYSICAL DESCRIPTION
Extent 61
Dimensions 30 cm
650 ## - SUBJECT ADDED ENTRY--TOPICAL TERM
Topical term or geographic name as entry element Secondary Education
Form subdivision English
General subdivision Undergraduate Thesis
9 (RLIN) 41598
700 ## - ADDED ENTRY--PERSONAL NAME
Personal name Florida, Sarah May E.
9 (RLIN) 42098
700 ## - ADDED ENTRY--PERSONAL NAME
Personal name MascariƱas, Marry Grace A.
9 (RLIN) 42099
700 ## - ADDED ENTRY--PERSONAL NAME
Personal name Poresores, Anna Liza G.
9 (RLIN) 42100
942 ## - ADDED ENTRY ELEMENTS (KOHA)
Source of classification or shelving scheme Dewey Decimal Classification
Koha item type Undergraduate Thesis
Holdings
Withdrawn status Lost status Source of classification or shelving scheme Damaged status Not for loan Collection code Home library Current library Date acquired Total Checkouts Full call number Barcode Date last seen Price effective from Koha item type
    Dewey Decimal Classification     Undergraduate Theses UM Digos College - LIC UM Digos College - LIC 03/06/2020   UT 1464 F66 2020 UT 1464 03/12/2020 03/12/2020 Undergraduate Thesis